000 00440nam a2200169 a 4500
001 0000-9258
003 ELIB.Books
008 110520 1962
035 _a(ELIB.Books)0000-9410
082 _a268.6
_bGud
100 _aGuder, Eileen L.
245 _aWhat Happened After
260 _bLos Angeles: Cowman Publishing Company
_c1962
650 _aChristian Education
942 _2ddc
_cBK
998 _cbat
_e2011-05-20
999 _c9258
_d9258